| 000 | 01113nam a2200277Ia 4500 | ||
|---|---|---|---|
| 003 | OSt | ||
| 005 | 20221005105610.0 | ||
| 006 | a|||||r|||| 00| 0 | ||
| 007 | ta | ||
| 008 | 221004b |||||||| |||| 00| 0 hin d | ||
| 020 |
_a9788181970251 (hbk) _c600 |
||
| 024 | _a16017 | ||
| 037 |
_bBR6151, 23/12/2014, Rajkamal Prakashan Pvt. Ltd. _cTextual |
||
| 040 |
_aCRL _cCRL _bhin |
||
| 041 |
_2hin _ahin |
||
| 082 | _aO157,4N25x, 152P9 | ||
| 100 | _aसरकार, बादल | ||
| 245 | 0 | _aप्रवासी की कलम से | |
| 246 | _aPravāsī kī kalam se | ||
| 260 |
_aनई दिल्ली _bराष्ट्रीय नाट्य विद्यालय भारत _c2009 |
||
| 300 |
_a303पृ0 _ccm. |
||
| 650 | _aबंगाली साहित्य | ||
| 700 | _a अग्रवाल, प्रतिभा, अनु. | ||
| 942 |
_hO157,4N25x, 152P9 _cTEXL _2cc |
||
| 999 |
_c1016300 _d1016300 |
||